[Event "HUN Team Ch"]
[Site "HUN"]
[Date "1993.??.??"]
[Round "?"]
[White "Amrein, Roland"]
[Black "Letay, Gyula"]
[Result "1-0"]
[WhiteElo "2190"]
[BlackElo "2285"]
[PlyCount "129"]
[EventDate "1993.??.??"]
[Source "www.chesslib.no"]
[SourceDate "2004.05.04"]

1. e4 e5 2. Bc4 Nf6 3. Nc3 Nxe4 4. Qh5 Nd6 5. Bb3 Be7 6. Nf3 Nc6 7. Nxe5 O-O 8. O-O Nd4 9. d3 Nxb3 10. axb3 Ne8 11. Nd5 Nf6 12. Qf3 Nxd5 13. Qxd5 c6 14. Qd4 d6 15. Nc4 d5 16. Nb6 c5 17. Qe3 Qxb6 18. Qxe7 Be6 19. Be3 d4 20. Bf4 Rac8 21. Rfe1 a6 22. Be5 f6 23. Bc7 Rxc7 24. Qxe6+ Qxe6 25. Rxe6 Kf7 26. Rae1 Rd8 27. g4 h5 28. h3 hxg4 29. hxg4 Rh8 30. Kg2 g5 31. Kg3 a5 32. Rb6 Kg6 33. Ree6 Rf8 34. Kf3 Rff7 35. Ke4 Rfe7 36. Kd5 Rxe6 37. Kxe6 a4 38. Kd6 axb3 39. Rxb3 Rc6+ 40. Kd5 Rc7 41. Rb5 Rd7+ 42. Ke6 Rc7 43. Kd6 Rc6+ 44. Kd5 f5 45. Rxb7 Rf6 46. Re7 Rf8 47. Re6+ Kg7 48. Re5 fxg4 49. Rxg5+ Kh6 50. Rxg4 Rxf2 51. Kxc5 Rxc2+ 52. Kxd4 Rxb2 53. Kc5 Rc2+ 54. Kd6 Kh5 55. Re4 Kg5 56. d4 Kf5 57. Re1 Ra2 58. d5 Ra6+ 59. Kc7 Ra7+ 60. Kb6 Ra2 61. d6 Rd2 62. Kc7 Kf6 63. Kd7 Rd3 64. Rf1+ Ke5 65. Ke7 1-0

[Event "Harmonie Open A"]
[Site "Groningen NED"]
[Date "2007.12.26"]
[Round "5"]
[White "Otte, Mari"]
[Black "Clemens, A."]
[Result "1/2-1/2"]
[WhiteElo "2155"]
[BlackElo "2316"]
[PlyCount "83"]
[EventDate "2007.12.21"]
[Source "www.chesslib.no"]
[SourceDate "2004.05.04"]

1. e4 e5 2. Nc3 Nf6 3. Bc4 Nxe4 4. Qh5 Nd6 5. Qxe5+ Qe7 6. Qxe7+ Bxe7 7. Bb3 Nf5 8. Nd5 Bd8 9. c3 c6 10. Bc2 d6 11. Nf4 O-O 12. Nge2 Re8 13. d4 Nh4 14. Kf1 g5 15. Nh5 Rxe2 16. Kxe2 Bg4+ 17. f3 Bxh5 18. Kf2 Bg6 19. Re1 Kf8 20. Bb3 Nd7 21. g3 Nf5 22. h4 h6 23. Bd2 d5 24. hxg5 hxg5 25. Re2 Nd6 26. Rh1 Kg7 27. Bc1 g4 28. Bh6+ Kg8 29. Bf4 gxf3 30. Ree1 Ne4+ 31. Kxf3 Bf6 32. Rh2 Re8 33. Rd1 Nf8 34. c4 dxc4 35. Bxc4 Ne6 36. Bxe6 Rxe6 37. d5 cxd5 38. Rxd5 Be7 39. Rc2 Ng5+ 40. Rxg5 Bxg5 41. Rc8+ Kg7 42. Bxg5 1/2-1/2

[Event "Rostock-B 10th"]
[Site "Rostock GER"]
[Date "1984.??.??"]
[Round "9"]
[White "Goldberg, Alexander"]
[Black "Chekhova-Kostina, Tatiana M"]
[Result "1/2-1/2"]
[WhiteElo "2320"]
[BlackElo "2150"]
[PlyCount "48"]
[EventDate "1984.08.??"]
[Source "www.chesslib.no"]
[SourceDate "2004.05.04"]

1. e4 Nf6 2. Nc3 e5 3. Bc4 Nxe4 4. Nxe4 d5 5. Bb3 dxe4 6. Qe2 Bd6 7. Qxe4 Nd7 8. Nf3 O-O 9. O-O Nf6 10. Qh4 e4 11. Ng5 Bf5 12. f3 Bc5+ 13. Kh1 Bg6 14. Nh3 exf3 15. Rxf3 Re8 16. d3 Qd4 17. Bg5 Qxh4 18. Bxh4 Re3 19. Rxe3 Bxe3 20. Re1 Re8 21. Bxf6 gxf6 22. Nf4 c6 23. Ba4 Re5 24. Nxg6 fxg6 1/2-1/2

[Event "Donau op 10th"]
[Site "?"]
[Date "2001.12.29"]
[Round "5"]
[White "Heyne Martin"]
[Black "Posch Werner"]
[Result "1-0"]
[WhiteElo "2185"]
[BlackElo "2282"]
[PlyCount "69"]
[EventDate "2001.??.??"]
[Source "www.chesslib.no"]
[SourceDate "2004.05.04"]

1. e4 Nf6 2. Nc3 e5 3. Bc4 Nxe4 4. Qh5 Nd6 5. Qxe5+ Qe7 6. Qxe7+ Bxe7 7. Bb3 O-O 8. Nf3 c6 9. d4 Bf6 10. Bf4 Re8+ 11. Kd2 Ne4+ 12. Nxe4 Rxe4 13. Rae1 d5 14. Rxe4 dxe4 15. Ne5 Bxe5 16. Bxe5 Bf5 17. g4 Bg6 18. h4 h6 19. Bxb8 Rxb8 20. Ke3 Re8 21. Rd1 h5 22. g5 b5 23. c4 bxc4 24. Bxc4 Rb8 25. b3 Kf8 26. d5 cxd5 27. Rxd5 Rb7 28. a4 Ke7 29. a5 f6 30. gxf6+ gxf6 31. a6 Rc7 32. Rb5 Kd6 33. Rb7 f5 34. Kf4 Bh7 35. Kg5 1-0

[Event "CHI-ch"]
[Site "Vina del Mar"]
[Date "1998.??.??"]
[Round "8"]
[White "Egger, Jorge"]
[Black "Bulgarini, Marco"]
[Result "1-0"]
[WhiteElo "2400"]
[BlackElo "2055"]
[PlyCount "66"]
[EventDate "1998.??.??"]
[Source "www.chesslib.no"]
[SourceDate "2004.05.04"]

1. e4 e5 2. Nc3 Nf6 3. Bc4 Nxe4 4. Qh5 Nd6 5. Bb3 Nc6 6. Nb5 g6 7. Qf3 Qe7 8. Nxc7+ Kd8 9. Nxa8 e4 10. Qc3 Rg8 11. Ne2 Bg7 12. Qc5 Re8 13. Nb6 Be5 14. Nc4 b6 15. Nxb6 Ba6 16. Nd5 Qg5 17. d4 Qxg2 18. Rg1 Qf3 19. c4 Nb7 20. Qa3 Bxd4 21. Bg5+ Kc8 22. Nxd4 Nxd4 23. Bd1 Qf5 24. Be3 Nf3+ 25. Bxf3 exf3 26. O-O-O Bxc4 27. Rg5 Qe4 28. Qxa7 Bxd5 29. Rgxd5 Qc4+ 30. Kb1 Qe4+ 31. Ka1 Re6 32. Qa8+ Kc7 33. Rxd7+ Kc6 1-0

[Event "Budapest FS09 IM-A"]
[Site "Budapest"]
[Date "1999.09.05"]
[Round "2"]
[White "Bodrogi, Mihaly"]
[Black "Resika, Nathan A"]
[Result "1-0"]
[WhiteElo "2202"]
[BlackElo "2251"]
[PlyCount "45"]
[EventDate "1999.09.05"]
[Source "www.chesslib.no"]
[SourceDate "2004.05.04"]

1. e4 e5 2. Bc4 Nf6 3. Nc3 Nxe4 4. Qh5 Nd6 5. Bb3 Be7 6. Nf3 Nc6 7. Nxe5 O-O 8. O-O Nxe5 9. Qxe5 Re8 10. d3 Bf8 11. Qg3 c6 12. Bg5 Qa5 13. Rae1 Rxe1 14. Rxe1 Nf5 15. Qf4 h6 16. g4 hxg5 17. Qxg5 d5 18. gxf5 d4 19. Re8 dxc3 20. Qe7 Qxf5 21. Rxf8+ Kh7 22. Qh4+ Kg6 23. bxc3 1-0

[Event "Württemberg"]
[Site "?"]
[Date "1998.01.11"]
[Round "6"]
[White "Frick Christoph"]
[Black "Englmeier Heinz"]
[Result "1-0"]
[WhiteElo "2265"]
[BlackElo "2185"]
[PlyCount "53"]
[EventDate "1998.??.??"]
[Source "www.chesslib.no"]
[SourceDate "2004.05.04"]

1. Nc3 Nf6 2. e4 e5 3. Bc4 Nxe4 4. Qh5 Nd6 5. Qxe5+ Be7 6. Qxg7 Bf6 7. Qg4 Nxc4 8. Qxc4 c6 9. Qe4+ Be7 10. d3 d5 11. Qe2 Be6 12. Nf3 Rg8 13. Nd4 Rg6 14. Bf4 Qb6 15. Nb3 Rxg2 16. Bg3 a5 17. Qf3 Rxg3 18. Qxg3 Nd7 19. Qf4 c5 20. O-O-O a4 21. Nd2 Bf6 22. a3 Qa5 23. Ndb1 Be5 24. Qh4 b5 25. Rhg1 b4 26. Nxd5 bxa3 27. Qe7# 1-0

[Event "La Lira Open"]
[Site "Barcelona ESP"]
[Date "1995.??.??"]
[Round "3"]
[White "Casas Douton, Domenech"]
[Black "Mateu Cama, Jordi"]
[Result "1-0"]
[WhiteElo "2310"]
[BlackElo "2140"]
[PlyCount "39"]
[EventDate "1995.04.??"]
[Source "www.chesslib.no"]
[SourceDate "2004.05.04"]

1. e4 e5 2. Nc3 Nf6 3. Bc4 Nxe4 4. Qh5 Nd6 5. Qxe5+ Be7 6. Qxg7 Bf6 7. Qg4 Qe7+ 8. Be2 c6 9. Nf3 Kd8 10. d4 b5 11. a3 Ba6 12. Bg5 b4 13. axb4 Bxg5 14. Qxg5 f6 15. Qe3 Qg7 16. O-O Re8 17. Qf4 Bxe2 18. Nxe2 Nf7 19. Rxa7 Rg8 20. Ng3 1-0

[Event "Ostrava op-A"]
[Site "?"]
[Date "2002.05.25"]
[Round "9"]
[White "Korolchuk Nikolav"]
[Black "Kozak Milos"]
[Result "1-0"]
[WhiteElo "2252"]
[BlackElo "2194"]
[PlyCount "159"]
[EventDate "2002.??.??"]
[Source "www.chesslib.no"]
[SourceDate "2004.05.04"]

1. e4 e5 2. Nc3 Nf6 3. Bc4 Nxe4 4. Qh5 Nd6 5. Qxe5+ Qe7 6. Qxe7+ Bxe7 7. Bb3 Nf5 8. Nf3 c6 9. O-O d5 10. Re1 O-O 11. d3 Bf6 12. Bg5 Bxg5 13. Nxg5 Na6 14. Nf3 Nc5 15. h3 h5 16. d4 Nxb3 17. axb3 Nd6 18. Ne2 Re8 19. Nf4 Rxe1+ 20. Nxe1 g6 21. Nfd3 Bf5 22. Nc5 Re8 23. Kf1 a6 24. h4 f6 25. f3 Re7 26. Kf2 Bc8 27. c3 Kf7 28. g3 Bf5 29. Ng2 Bc8 30. Re1 Rxe1 31. Kxe1 Bf5 32. Ne3 Bc8 33. Kf2 g5 34. hxg5 fxg5 35. Nd3 Kf6 36. Ne5 Nf7 37. Nxf7 Kxf7 38. Kg2 Kf6 39. Kf2 a5 40. Ng2 Bf5 41. Ne3 Bb1 42. f4 Be4 43. fxg5+ Kxg5 44. Nf1 Bc2 45. Nd2 Kf5 46. Ke3 Bd1 47. b4 axb4 48. cxb4 Kg4 49. Kf2 Kf5 50. Nb1 Ke6 51. Nc3 Bg4 52. Ke3 Kd6 53. Na4 Kc7 54. Kf4 Kd6 55. Nc5 Kc7 56. Ke3 Kb6 57. Kd2 Kb5 58. Kc3 b6 59. Nd3 Bd7 60. Nf4 Bg4 61. b3 Ka6 62. Nd3 Bd7 63. Ne5 Be8 64. Kb2 Kb5 65. Kc3 Ka6 66. Nf3 Kb7 67. Ne1 Bg6 68. Ng2 Kc7 69. Nf4 Bf7 70. Kd2 Kd6 71. Ke3 c5 72. bxc5+ bxc5 73. dxc5+ Kxc5 74. Nd3+ Kb5 75. Kd4 Bg6 76. Nf4 Bc2 77. Kc3 Bd1 78. Nxd5 Bg4 79. Ne3 Bf3 80. b4 1-0

[Event "Bayern-ch"]
[Site "Furth"]
[Date "1999.??.??"]
[Round "?"]
[White "Heimrath, Reiner"]
[Black "Schmeidler, Martin"]
[Result "1-0"]
[WhiteElo "2204"]
[BlackElo "2240"]
[PlyCount "152"]
[EventDate "1999.??.??"]
[Source "www.chesslib.no"]
[SourceDate "2004.05.04"]

1. e4 e5 2. Nc3 Nf6 3. Bc4 Nxe4 4. Qh5 Nd6 5. Bb3 g6 6. Qxe5+ Qe7 7. Nf3 Nc6 8. Qxe7+ Bxe7 9. O-O O-O 10. Re1 Bd8 11. d4 Na5 12. Bh6 Nxb3 13. axb3 Re8 14. Nb5 Ne4 15. Rxa7 Rb8 16. Raa1 d6 17. Bg5 Bd7 18. Bxd8 Bxb5 19. Bg5 f6 20. Be3 Re7 21. Ra5 Bd7 22. Rea1 Ree8 23. Ne1 f5 24. Nd3 Kf7 25. h4 Nf6 26. Nf4 h6 27. Nd3 Kg7 28. Re1 Bc6 29. c4 Ra8 30. Rxa8 Rxa8 31. d5 Bd7 32. Bd4 Kf7 33. f3 Nh5 34. Kf2 f4 35. c5 Bf5 36. Nb4 dxc5 37. Bxc5 Rd8 38. Rd1 Ng3 39. Rd2 Ra8 40. Rd4 g5 41. hxg5 hxg5 42. Rd1 Re8 43. Re1 Rxe1 44. Kxe1 g4 45. Bd4 gxf3 46. gxf3 Bd7 47. Be5 c6 48. Bxf4 Nf5 49. dxc6 bxc6 50. Nd3 Ke6 51. Nc5+ Ke7 52. Be5 Be8 53. Kd2 Bh5 54. f4 Kf7 55. Kc3 Ne7 56. Nb7 Ke8 57. Kd4 Kd7 58. Kc5 Bg6 59. b4 Bd3 60. Nd6 Ng6 61. Kd4 Ba6 62. Ne4 Bf1 63. Nc5+ Ke7 64. Ke4 Nf8 65. Nb3 Nd7 66. Nd4 Bg2+ 67. Kf5 Nb6 68. Kg6 Nc4 69. Kg7 Be4 70. Bf6+ Ke8 71. Ne6 Nd6 72. Be5 Ke7 73. Nc5 Nf5+ 74. Kg6 Bc2 75. Kg5 Ne3 76. Nb7 Ke6 1-0

[Event "Solymar op"]
[Site "Solymar"]
[Date "1996.??.??"]
[Round "?"]
[White "Bodrogi, Mihaly"]
[Black "Molnar, Laszlo"]
[Result "1-0"]
[WhiteElo "2160"]
[BlackElo "2250"]
[PlyCount "31"]
[EventDate "1996.??.??"]
[Source "www.chesslib.no"]
[SourceDate "2004.05.04"]

1. e4 e5 2. Bc4 Nf6 3. Nc3 Nxe4 4. Qh5 Nd6 5. Bb3 Nc6 6. Nb5 Qf6 7. Nxc7+ Kd8 8. Nxa8 Nd4 9. d3 Be7 10. Nf3 g6 11. Qh3 N6f5 12. Be3 d5 13. Bxd4 exd4 14. O-O Be6 15. Rfe1 Nd6 16. Qg3 1-0

[Event "Autumn Open"]
[Site "?"]
[Date "2005.10.29"]
[Round "1"]
[White "Lychik Robert"]
[Black "Melnikov Dmitry"]
[Result "0-1"]
[WhiteElo "2059"]
[BlackElo "2327"]
[PlyCount "76"]
[EventDate "2005.??.??"]
[Source "www.chesslib.no"]
[SourceDate "2004.05.04"]

1. e4 e5 2. Bc4 Nf6 3. Nc3 Nxe4 4. Qh5 Nd6 5. Qxe5+ Qe7 6. Qxe7+ Bxe7 7. Bb3 Nf5 8. Nd5 Bd8 9. Nf3 c6 10. Ne3 d5 11. d4 Nd6 12. O-O Be6 13. Re1 Be7 14. c3 Nd7 15. Ne5 O-O-O 16. f4 Rde8 17. a4 f6 18. Nf3 Bd8 19. a5 a6 20. Bc2 g6 21. b3 Bc7 22. g3 Bh3 23. c4 dxc4 24. bxc4 Re7 25. Bd2 Rhe8 26. Ra3 Ne4 27. Bb4 c5 28. dxc5 Nexc5 29. Nd5 Rxe1+ 30. Nxe1 Bb8 31. Nb6+ Nxb6 32. axb6 Bd6 33. Nf3 Re2 34. Nd4 Rg2+ 35. Kh1 Rf2 36. Ra1 Nb3 37. Bxb3 Bxb4 38. Rd1 Bc5 0-1

[Event "DEN-chJ int"]
[Site "Tingkaerskolen"]
[Date "1997.??.??"]
[Round "9"]
[White "Tonning, Erik"]
[Black "Pokorna, Regina"]
[Result "1-0"]
[WhiteElo "2185"]
[BlackElo "2195"]
[PlyCount "81"]
[EventDate "1997.??.??"]
[Source "www.chesslib.no"]
[SourceDate "2004.05.04"]

1. e4 e5 2. Nc3 Nf6 3. Bc4 Nxe4 4. Qh5 Nd6 5. Bb3 g6 6. Qxe5+ Qe7 7. d4 Nc6 8. Qxe7+ Bxe7 9. Nd5 Bd8 10. Nf3 Nf5 11. c3 d6 12. Bg5 Be6 13. Nf6+ Kf8 14. d5 h6 15. dxe6 hxg5 16. Ne4 f6 17. O-O-O Na5 18. Bc2 Ke7 19. Rde1 c6 20. Ng3 Nxg3 21. hxg3 Bb6 22. Rxh8 Rxh8 23. Bxg6 Bxf2 24. Re2 Bb6 25. b3 c5 26. Kc2 Nc6 27. Be4 Ne5 28. Nxe5 dxe5 29. Bf5 Bc7 30. b4 cxb4 31. cxb4 Bd6 32. Kb3 Rh1 33. a3 Rc1 34. g4 Rc7 35. Re3 Kd8 36. Rh3 Bf8 37. a4 Ke7 38. a5 Kd6 39. b5 Be7 40. b6 axb6 41. axb6 1-0

[Event "Havana Guines"]
[Site "?"]
[Date "2000.??.??"]
[Round "3"]
[White "Reynaldo Hernandez Jorge"]
[Black "Tamarit Jesus"]
[Result "1-0"]
[WhiteElo "2175"]
[BlackElo "2195"]
[PlyCount "21"]
[EventDate "2000.??.??"]
[Source "www.chesslib.no"]
[SourceDate "2004.05.04"]

1. e4 e5 2. Bc4 Nf6 3. Nc3 Nxe4 4. Qh5 Nd6 5. Bb3 Nc6 6. Nb5 g6 7. Qf3 Qe7 8. Nxc7+ Kd8 9. Nd5 Qh4 10. g3 e4 11. Qc3 1-0

[Event "Wch U14"]
[Site "Oropesa del Mar"]
[Date "1999.11.01"]
[Round "8"]
[White "Zhigalko, Andrey"]
[Black "Khmelniker, Ilya"]
[Result "1-0"]
[WhiteElo "2256"]
[BlackElo "2107"]
[PlyCount "119"]
[EventDate "1999.10.24"]
[Source "ChessBase"]
[SourceDate "1999.11.18"]

1. e4 e5 2. Nc3 Nf6 3. Bc4 Nxe4 4. Qh5 Nd6 5. Bb3 g6 6. Qxe5+ Qe7 7. d4 Nc6 8. Qxe7+ Nxe7 9. Bf4 Nef5 10. Nf3 c6 11. O-O-O Bh6 12. Rhe1+ Kf8 13. Bxh6+ Nxh6 14. h3 f6 15. Re2 b5 16. Rde1 a5 17. a3 Nhf5 18. g4 Ng7 19. g5 fxg5 20. Nxg5 Ngf5 21. Nce4 Nxe4 22. Rxe4 Kg7 23. c3 Bb7 24. R4e2 Ba6 25. Bc2 b4 26. Re5 bxa3 27. bxa3 d6 28. Rxa5 Bc4 29. Rxa8 Rxa8 30. a4 h6 31. Ne4 Bd5 32. Ng3 Kf6 33. Nxf5 gxf5 34. Rg1 Ra7 35. Rg3 c5 36. h4 Rc7 37. dxc5 Rxc5 38. Kd2 Bf7 39. Rd3 Ke5 40. Rd4 Rc8 41. f4+ Kf6 42. Rxd6+ Ke7 43. Rxh6 Rd8+ 44. Kc1 Rc8 45. a5 Rxc3 46. a6 Bd5 47. Kd2 Rf3 48. h5 Rxf4 49. Rb6 Rh4 50. h6 Rh2+ 51. Kc3 f4 52. Bb3 Ba8 53. Re6+ Kd7 54. Rf6 f3 55. Rf7+ Kd6 56. h7 f2 57. Bc2 Bd5 58. Rxf2 Rh3+ 59. Kb2 Kc5 60. Rf8 1-0

[Event "Techirghiol"]
[Site "Techirghiol"]
[Date "2000.07.10"]
[Round "8"]
[White "Tikhomirov, Sergei"]
[Black "Ciornei, Dragos"]
[Result "1/2-1/2"]
[WhiteElo "2238"]
[BlackElo "2121"]
[PlyCount "138"]
[EventDate "2000.07.02"]
[Source "ChessBase"]
[SourceDate "2000.09.14"]

1. e4 e5 2. Bc4 Nf6 3. Nc3 Nxe4 4. Qh5 Nd6 5. Qxe5+ Qe7 6. Qxe7+ Bxe7 7. Be2 Nf5 8. Nf3 Nc6 9. Nd5 Bd8 10. c3 Nce7 11. Nf4 d5 12. b3 c6 13. Ba3 Ng6 14. Nh5 Be7 15. Bxe7 Kxe7 16. O-O f6 17. Rae1 Kf7 18. g4 Nd6 19. h3 Bd7 20. Bd3 Rae8 21. Re3 Ne5 22. Nxe5+ Rxe5 23. Kg2 g6 24. Nf4 Rhe8 25. Rfe1 Rxe3 26. Rxe3 Rxe3 27. fxe3 f5 28. g5 Kg7 29. Kg3 Nf7 30. h4 h6 31. Nh3 hxg5 32. hxg5 Ne5 33. Bc2 Be8 34. Kf4 Nd7 35. c4 Bf7 36. cxd5 Bxd5 37. d3 Kf7 38. Nf2 Ke7 39. e4 fxe4 40. dxe4 Be6 41. Nd3 c5 42. Ne1 b5 43. Nf3 a5 44. Nd2 Nb6 45. Ke3 Bf7 46. Bd3 c4 47. bxc4 bxc4 48. Bc2 c3 49. Nb3 a4 50. Nc1 Nc4+ 51. Kd3 Ne5+ 52. Kxc3 Nf3 53. Bxa4 Nxg5 54. Kd4 Ne6+ 55. Ke5 Nc5 56. Bc2 Nd7+ 57. Kf4 Kd6 58. a4 Kc5 59. Nd3+ Kd4 60. a5 Bc4 61. Nf2 Kc3 62. Ba4 Nc5 63. Be8 Kb4 64. Bxg6 Kxa5 65. e5 Kb6 66. Nh3 Kc7 67. Ng5 Kd7 68. Nf3 Ke7 69. Nd4 Ne6+ 1/2-1/2

[Event "Bytom Open"]
[Site "Bytom POL"]
[Date "1995.??.??"]
[Round "?"]
[White "Noga, Jozef"]
[Black "Murawski, Grzegorz"]
[Result "0-1"]
[WhiteElo "2125"]
[BlackElo "2230"]
[PlyCount "79"]
[EventDate "1995.??.??"]
[Source "www.chesslib.no"]
[SourceDate "2004.05.04"]

1. e4 e5 2. Nc3 Nf6 3. Bc4 Nxe4 4. Qh5 Nd6 5. Qxe5+ Qe7 6. Qxe7+ Bxe7 7. Be2 c6 8. Nf3 Bf6 9. d3 h6 10. Bf4 Nf5 11. g4 Ne7 12. Ne4 d5 13. Nxf6+ gxf6 14. Nh4 Nd7 15. O-O-O Ne5 16. h3 d4 17. Bg3 Be6 18. f4 Nd7 19. Rhe1 O-O-O 20. Bf2 c5 21. Bf3 f5 22. gxf5 Nxf5 23. Bg4 Ng7 24. f5 Bd5 25. f6 Ne6 26. Ng6 fxg6 27. Bxe6 Bxe6 28. Rxe6 Rhe8 29. Rxe8 Rxe8 30. b4 b6 31. b5 c4 32. Rg1 g5 33. h4 Re5 34. hxg5 hxg5 35. Bg3 Rf5 36. Bd6 Nxf6 37. Be7 Nd5 38. Bxg5 Re5 39. c3 dxc3 40. Rg4 0-1

[Event "BdF"]
[Site "?"]
[Date "1997.??.??"]
[Round "6"]
[White "Fahrbach Manfred"]
[Black "Leppek Ernst"]
[Result "1/2-1/2"]
[WhiteElo "2179"]
[BlackElo "2167"]
[PlyCount "46"]
[EventDate "1997.??.??"]
[Source "www.chesslib.no"]
[SourceDate "2004.05.04"]

1. e4 e5 2. Bc4 Nf6 3. Nc3 Nxe4 4. Qh5 Nd6 5. Bb3 Be7 6. Nf3 Nc6 7. Nxe5 O-O 8. Nxc6 dxc6 9. O-O Nf5 10. d3 Nd4 11. Be3 Nxb3 12. axb3 a6 13. Rfe1 Be6 14. Bc5 Bd6 15. Ne4 h6 16. Nxd6 cxd6 17. Bd4 Qd7 18. h3 Rae8 19. Qf3 Bf5 20. Qg3 Bg6 21. h4 h5 22. Bc3 d5 23. Bd4 Rxe1+ 1/2-1/2

[Event "Barcelone (open)"]
[Site "?"]
[Date "2003.12.20"]
[Round "1"]
[White "Coll Lluis"]
[Black "Grau Brumos Isidre"]
[Result "1-0"]
[WhiteElo "2199"]
[BlackElo "2143"]
[PlyCount "137"]
[EventDate "2003.??.??"]
[Source "www.chesslib.no"]
[SourceDate "2004.05.04"]

1. e4 e5 2. Nc3 Nf6 3. Bc4 Nxe4 4. Qh5 Nd6 5. Qxe5+ Qe7 6. Qxe7+ Bxe7 7. Bb3 O-O 8. Nf3 c6 9. O-O Nf5 10. Re1 Bd8 11. d4 d5 12. Bf4 Be6 13. Ne2 Nd7 14. Ng5 Re8 15. Nxe6 Rxe6 16. c3 Bf6 17. Bc2 Nh4 18. Bg3 Rae8 19. Bd3 g6 20. Kf1 a6 21. a4 Nb6 22. b3 Nc8 23. Red1 Nd6 24. Nf4 R6e7 25. Nxd5 cxd5 26. Bxd6 Re6 27. Bc5 Nf5 28. a5 Be7 29. b4 Nd6 30. Re1 Bf8 31. Rxe6 fxe6 32. Re1 Nb5 33. Bxb5 axb5 34. Ke2 Kf7 35. Kd3 Rd8 36. Re3 Bd6 37. Rh3 Kg7 38. Rf3 Rd7 39. h4 h5 40. Bxd6 Rxd6 41. Rg3 Rc6 42. Rg5 Rc8 43. Re5 Kf6 44. f3 Rh8 45. Ke2 Rc8 46. Re3 Kf5 47. g3 Rc6 48. Kf2 Rc8 49. Kg2 Kf6 50. Kh3 Ke7 51. g4 Rf8 52. Kg3 Rf7 53. Re5 Rh7 54. gxh5 Rxh5 55. Kg4 Rh8 56. h5 gxh5+ 57. Rxh5 Rxh5 58. Kxh5 Kf6 59. Kh6 Kf5 60. Kg7 e5 61. dxe5 Kxe5 62. Kf7 d4 63. cxd4+ Kxd4 64. Ke6 Kc4 65. f4 Kxb4 66. f5 Kc3 67. f6 b4 68. f7 b3 69. f8=Q 1-0

[Event "Augustow op-A"]
[Site "Augustow"]
[Date "1996.??.??"]
[Round "?"]
[White "Plesiuk, Andrzej"]
[Black "Flis, Pawel"]
[Result "1/2-1/2"]
[WhiteElo "2205"]
[BlackElo "2120"]
[PlyCount "107"]
[EventDate "1996.??.??"]
[Source "www.chesslib.no"]
[SourceDate "2004.05.04"]

1. e4 e5 2. Nc3 Nf6 3. Bc4 Nxe4 4. Qh5 Nd6 5. Qxe5+ Qe7 6. Qxe7+ Bxe7 7. Be2 O-O 8. Nf3 Nf5 9. Nd5 Bd8 10. d4 c6 11. Ne3 d5 12. Bd3 Re8 13. O-O Nd6 14. Re1 Nd7 15. Nf1 Rxe1 16. Nxe1 Nf8 17. Bf4 Nf5 18. Nf3 Ng6 19. Re1 Be7 20. Bc7 Kf8 21. h3 Be6 22. Ng3 Nxg3 23. Bxg3 Re8 24. c3 Bd7 25. Kf1 Kg8 26. Bc7 Nf8 27. Bg3 Ng6 28. Re2 Kf8 29. Re3 Rc8 30. Re1 Re8 31. Nd2 Kg8 32. Nb3 b6 33. Nd2 Kf8 34. Nf3 Kg8 35. Re3 Kf8 36. Re2 f6 37. Ne1 Kf7 38. Bh2 Rc8 39. Nc2 Nh4 40. Ne3 Bf8 41. Bg3 Ng6 42. Nf5 Bxf5 43. Bxf5 Re8 44. Bd7 Rxe2 45. Kxe2 c5 46. Bb8 cxd4 47. cxd4 Ke7 48. Bc6 Ke6 49. Bb7 Bd6 50. Bxa7 Bc7 51. g3 Ne7 52. a4 Kd7 53. a5 bxa5 54. Bc5 1/2-1/2

[Event "20th Belgrade Trophy"]
[Site "Belgrade SRB"]
[Date "2007.11.29"]
[Round "8"]
[White "Stankovic, Milo"]
[Black "Boskovic, Z."]
[Result "1-0"]
[WhiteElo "2109"]
[BlackElo "2207"]
[PlyCount "71"]
[EventDate "2007.11.22"]
[Source "www.chesslib.no"]
[SourceDate "2004.05.04"]

1. e4 e5 2. Nc3 Nf6 3. Bc4 Nxe4 4. Qh5 Nd6 5. Bb3 g6 6. Qxe5+ Qe7 7. Qxe7+ Bxe7 8. d4 O-O 9. Bf4 Nc6 10. O-O-O Na5 11. Bd5 Ne8 12. Bh6 Ng7 13. Be4 Re8 14. Nf3 d6 15. Rhe1 Bg4 16. h3 Bxf3 17. Bxf3 Nf5 18. Bf4 c6 19. g4 Ng7 20. d5 Bh4 21. Rf1 cxd5 22. Nxd5 Ne6 23. Bxd6 Nc4 24. Bb4 Rac8 25. Bc3 Red8 26. Bg2 b5 27. f4 Rxd5 28. Bxd5 Ne3 29. f5 Nxd1 30. Rxd1 Nf4 31. fxg6 hxg6 32. Bf3 f6 33. Rd6 f5 34. gxf5 gxf5 35. Rh6 Nd3+ 36. Kb1 1-0

[Event "It Open"]
[Site "St. Ingbert GER"]
[Date "1987.??.??"]
[Round "2"]
[White "Probst Joachim"]
[Black "Lieb, Harald"]
[Result "0-1"]
[WhiteElo "2003"]
[BlackElo "2310"]
[PlyCount "75"]
[EventDate "1987.??.??"]
[Source "www.chesslib.no"]
[SourceDate "2004.05.04"]

1. e4 e5 2. Bc4 Nf6 3. Nc3 Nxe4 4. Qe2 Nxc3 5. dxc3 Nc6 6. Bf4 d6 7. O-O-O Be7 8. Bg3 O-O 9. h4 Qe8 10. Nh3 Na5 11. Bd3 f5 12. Ng5 h6 13. Bc4+ Kh8 14. f4 e4 15. Bf2 c6 16. Be6 d5 17. Bxc8 Rxc8 18. Bd4 Bd6 19. g3 Nc4 20. b3 Nb6 21. Rde1 c5 22. Bf2 Kg8 23. h5 Nd7 24. Qd1 Nf6 25. Nf3 Qf7 26. Ng5 hxg5 27. fxg5 Ng4 28. g6 Qe6 29. h6 gxh6 30. Rh4 Be5 31. Rf1 Bxc3 32. Rxh6 Nxh6 33. Qh5 Bg7 34. Be3 f4 35. Rxf4 Qe5 36. Rxf8+ Rxf8 37. Qxe5 Bxe5 38. Bxh6 0-1

[Event "15sen.DSEM Senioren"]
[Site "?"]
[Date "2003.05.11"]
[Round "2"]
[White "Schaffarth Peter"]
[Black "Bittner Friedrich"]
[Result "1-0"]
[WhiteElo "2158"]
[BlackElo "2141"]
[PlyCount "47"]
[EventDate "2003.??.??"]
[Source "www.chesslib.no"]
[SourceDate "2004.05.04"]

1. e4 e5 2. Bc4 Nf6 3. Nc3 Nxe4 4. Qh5 Ng5 5. d4 Ne6 6. d5 Nf4 7. Qxe5+ Ne6 8. dxe6 dxe6 9. Bf4 c6 10. Qc7 Be7 11. Rd1 Nd7 12. Qxd8+ Bxd8 13. Nf3 O-O 14. O-O Nb6 15. Be2 Nd5 16. Nxd5 exd5 17. c4 Be6 18. cxd5 Bxd5 19. b3 b5 20. Nd4 Bb6 21. Bf3 Bxf3 22. Nxf3 Rfc8 23. Nd4 a5 24. Nf5 1-0

[Event "Seefeld op"]
[Site "Seefeld"]
[Date "1997.??.??"]
[Round "?"]
[White "Schmidt, Wolfgang2"]
[Black "Mahn, Franko"]
[Result "1/2-1/2"]
[WhiteElo "2095"]
[BlackElo "2200"]
[PlyCount "92"]
[EventDate "1997.??.??"]
[Source "www.chesslib.no"]
[SourceDate "2004.05.04"]

1. e4 e5 2. Bc4 Nf6 3. Nc3 Nxe4 4. Nf3 Nc6 5. Nxe4 d5 6. d4 dxc4 7. Bg5 f6 8. d5 Nb4 9. Nxe5 Bf5 10. Nxf6+ gxf6 11. Qh5+ Ke7 12. Qf7+ Kd6 13. Bxf6 Nxc2+ 14. Kd2 Qe8 15. Nxc4+ Kc5 16. Qxc7+ Kxd5 17. Rad1 Qc6 18. Ne3+ Nxe3 19. Kxe3+ Ke6 20. Qxc6+ bxc6 21. Bxh8 Bh6+ 22. Kd4 Rxh8 23. Kc5 Bf4 24. g3 Bc7 25. Rhe1+ Kf7 26. Kxc6 Bb6 27. f4 Rc8+ 28. Kb5 Rc5+ 29. Kb4 Rc2 30. Kb3 Rxh2 31. Re5 Be6+ 32. Kc3 Rg2 33. Rd3 Bf2 34. b4 Rxg3 35. Rxg3 Bxg3 36. Ra5 Bf2 37. f5 Bd7 38. b5 h5 39. b6 Bxb6 40. Rd5 Ke7 41. Kd3 Bc6 42. Re5+ Kd7 43. f6 Bd8 44. f7 Be7 45. Rxh5 a6 46. Rh8 Bd5 1/2-1/2

[Event "Memorial R.Nezhmetdinov (open)"]
[Site "Kazan (Russia)"]
[Date "2007.06.05"]
[Round "5"]
[White "Zaletov Yuri (RUS)"]
[Black "Zlachevskiy Leonid (RUS)"]
[Result "0-1"]
[WhiteElo "2129"]
[BlackElo "2157"]
[PlyCount "71"]
[EventDate "2007.??.??"]
[Source "www.chesslib.no"]
[SourceDate "2004.05.04"]

1. e4 e5 2. Nc3 Nf6 3. Bc4 Nxe4 4. Qh5 Nd6 5. Qxe5+ Qe7 6. Qxe7+ Bxe7 7. Bb3 c6 8. d4 Nf5 9. d5 O-O 10. Nf3 Na6 11. Bf4 Nc5 12. O-O-O h6 13. h4 d6 14. h5 g5 15. hxg6 fxg6 16. Bxh6 Rf7 17. Bg5 Bf8 18. Rh2 a5 19. a3 Nxb3+ 20. cxb3 Bd7 21. Ne4 Bg7 22. dxc6 Rc8 23. Kb1 Rxc6 24. Bd2 Be6 25. Bc3 Bxb3 26. Rdh1 Kf8 27. Nfg5 Re7 28. Bxg7+ Rxg7 29. Rh8+ Rg8 30. Rxg8+ Bxg8 31. Rh8 d5 32. Nd2 d4 33. Rh1 d3 34. g4 Nd4 35. Re1 Kg7 36. Re7+ 0-1